[Event "CFriend AC-2003-S-00001 email"]
[Site "Chessfriend.com"]
[Date "2004.12.01"]
[Round "1"]
[White "Kordts, Wolfgang"]
[Black "Holdschik, Juergen"]
[Result "1/2-1/2"]
[WhiteElo "2464"]
[BlackElo "2266"]
[PlyCount "44"]
[EventDate "2004.??.??"]
[EventType "tourn (corr)"]
[EventRounds "6"]
[SourceTitle "Corr 2024"]
[Source "ChessBase"]
[SourceDate "2023.10.19"]
[SourceVersion "1"]
[SourceVersionDate "2023.10.19"]
[SourceQuality "1"]

1. d4 Nf6 2. c4 e6 3. Nc3 d5 4. Nf3 Be7 5. Bf4 0-0 6. e3 c5 7. dxc5 Bxc5 8. cxd5 Nxd5 9. Nxd5 exd5 10. Bd3 Bb4+ 11. Kf1 Nc6 12. h4 Bd6 13. Bxd6 Qxd6 14. h5 Qf6 15. Rh4 Qxb2 16. Rf4 h6 17. Rb1 Qa3 18. Kg1 b6 19. Ra4 Qd6 20. Rxb6 axb6 21. Rxa8 Bg4 22. Qa4 Bxf3 1/2-1/2

[Event "CFriend AC-2003-S-00001 email"]
[Site "Chessfriend.com"]
[Date "2004.12.01"]
[Round "1"]
[White "Tietjen, Ronald"]
[Black "Holdschik, Juergen"]
[Result "0-1"]
[WhiteElo "2240"]
[BlackElo "2266"]
[PlyCount "36"]
[EventDate "2004.??.??"]
[EventType "tourn (corr)"]
[EventRounds "6"]
[SourceTitle "Corr 2024"]
[Source "ChessBase"]
[SourceDate "2023.10.19"]
[SourceVersion "1"]
[SourceVersionDate "2023.10.19"]
[SourceQuality "1"]

1. c4 e5 2. Nc3 Nc6 3. Nf3 f5 4. d4 e4 5. Bg5 Be7 6. Bxe7 Ncxe7 7. Nd2 Nf6 8. e3 0-0 9. Be2 c6 10. 0-0 d5 11. Qb3 b6 12. cxd5 Nexd5 13. Nc4 Nxc3 14. Qxc3 Nd5 15. Qc2 Be6 16. Rac1 Rc8 17. a3 c5 18. dxc5 Rxc5 0-1

[Event "Graz op-B"]
[Site "Graz"]
[Date "2004.09.08"]
[Round "5"]
[White "Ungureanu, Sandu"]
[Black "Holdschik, Juergen"]
[Result "1-0"]
[WhiteElo "1800"]
[BlackElo "1989"]
[PlyCount "79"]
[EventDate "2004.09.04"]
[EventType "swiss"]
[EventRounds "9"]
[EventCountry "AUT"]
[SourceTitle "EXT 2006"]
[Source "ChessBase"]
[SourceDate "2005.11.24"]
[SourceVersion "1"]
[SourceVersionDate "2005.11.24"]
[SourceQuality "1"]

1. e4 c5 2. Nf3 e6 3. d4 cxd4 4. Nxd4 a6 5. Be3 Nf6 6. f3 Qb6 7. Qc1 Bc5 8. c3 Nc6 9. Nc2 d5 10. Bxc5 Qxc5 11. Nd2 dxe4 12. Nxe4 Nxe4 13. fxe4 0-0 14. Qe3 Qxe3+ 15. Nxe3 Rd8 16. Rd1 Rxd1+ 17. Kxd1 b5 18. Be2 Bb7 19. Bf3 Ne5 20. Kc2 Rd8 21. Rd1 Rxd1 22. Kxd1 f5 23. exf5 Nxf3 24. gxf3 Bxf3+ 25. Kd2 e5 26. c4 Kf7 27. cxb5 axb5 28. Ke1 Kf6 29. Kf2 Be4 30. a3 h5 31. h4 Bxf5 32. Nxf5 Kxf5 33. b3 g5 34. a4 gxh4 35. a5 h3 36. a6 e4 37. a7 h2 38. Kg2 e3 39. a8Q e2 40. Qf3+ 1-0

[Event "Graz op-B"]
[Site "Graz"]
[Date "2004.09.07"]
[Round "4"]
[White "Holdschik, Juergen"]
[Black "Grosse, Manfred"]
[Result "1-0"]
[WhiteElo "1989"]
[BlackElo "1937"]
[PlyCount "68"]
[EventDate "2004.09.04"]
[EventType "swiss"]
[EventRounds "9"]
[EventCountry "AUT"]
[SourceTitle "EXT 2006"]
[Source "ChessBase"]
[SourceDate "2005.11.24"]
[SourceVersion "1"]
[SourceVersionDate "2005.11.24"]
[SourceQuality "1"]

1. e4 c5 2. Nf3 g6 3. d4 cxd4 4. Nxd4 Bg7 5. Nc3 Nc6 6. Be3 d6 7. Bc4 Nf6 8. f3 0-0 9. Qd2 Ne5 10. Bb3 Nfd7 11. Bh6 Nc5 12. Bxg7 Kxg7 13. 0-0-0 Nxb3+ 14. Nxb3 a6 15. f4 Nc6 16. Nd5 Be6 17. Qc3+ Kg8 18. e5 Bxd5 19. Rxd5 Qc7 20. exd6 exd6 21. Rhd1 Rfd8 22. f5 Rac8 23. fxg6 hxg6 24. a3 Qe7 25. Qd2 Qe4 26. Kb1 Ne5 27. Nc5 Qg4 28. Rd4 Qxd4 29. Qxd4 Nc6 30. Qf6 dxc5 31. Rf1 Rc7 32. Rf3 Rd1+ 33. Ka2 Kf8 34. Re3 Ne7 1-0

[Event "Graz op-B"]
[Site "Graz"]
[Date "2004.09.04"]
[Round "1"]
[White "Plassnig, Moritz"]
[Black "Holdschik, Juergen"]
[Result "0-1"]
[WhiteElo "1711"]
[BlackElo "1989"]
[PlyCount "36"]
[EventDate "2004.09.04"]
[EventType "swiss"]
[EventRounds "9"]
[EventCountry "AUT"]
[SourceTitle "EXT 2006"]
[Source "ChessBase"]
[SourceDate "2005.11.24"]
[SourceVersion "1"]
[SourceVersionDate "2005.11.24"]
[SourceQuality "1"]

1. e4 c5 2. Nc3 e6 3. g3 d5 4. exd5 exd5 5. d4 Nc6 6. Bg2 Nxd4 7. Nxd5 Bf5 8. Ne3 Qe7 9. Ne2 Be4 10. 0-0 Bf3 11. Bxf3 Nxf3+ 12. Kg2 Rd8 13. Nd5 Qe4 14. Ndc3 Ne1+ 15. Kh3 Qg2+ 16. Kg4 h5+ 17. Kg5 Be7+ 18. Kf5 Qxf1 0-1

[Event "CFriend AC-2004-Q-00001 email"]
[Site "Chessfriend.com"]
[Date "2004.07.14"]
[Round "?"]
[White "Fuest, Martin"]
[Black "Holdschik, Juergen"]
[Result "1/2-1/2"]
[WhiteElo "2504"]
[BlackElo "2258"]
[PlyCount "53"]
[EventDate "2004.??.??"]
[EventType "tourn (corr)"]
[EventRounds "10"]
[SourceTitle "Corr 2008"]
[Source "ChessBase"]
[SourceDate "2008.06.24"]
[SourceVersion "1"]
[SourceVersionDate "2008.06.24"]
[SourceQuality "1"]

1. d4 Nf6 2. c4 e6 3. Nc3 d5 4. cxd5 exd5 5. Bg5 c6 6. Qc2 h6 7. Bh4 g6 8. e3 Bf5 9. Bd3 Bxd3 10. Qxd3 Nbd7 11. Nf3 Be7 12. 0-0 0-0 13. Rac1 Re8 14. Ne5 Nxe5 15. dxe5 Ne4 16. Bxe7 Qxe7 17. Nxe4 dxe4 18. Qxe4 Qxe5 19. Qb4 Qc7 20. Rfd1 Rad8 21. h3 Rd7 22. Rxd7 Qxd7 23. Rc4 Qe7 24. g4 Qxb4 25. Rxb4 b6 26. Rd4 Re5 27. Kf1 1/2-1/2

[Event "CFriend AC-2004-Q-00001 email"]
[Site "Chessfriend.com"]
[Date "2004.07.14"]
[Round "?"]
[White "Thompson, Brian"]
[Black "Holdschik, Juergen"]
[Result "0-1"]
[WhiteElo "1818"]
[BlackElo "2258"]
[PlyCount "36"]
[EventDate "2004.??.??"]
[EventType "tourn (corr)"]
[EventRounds "10"]
[SourceTitle "Corr 2008"]
[Source "ChessBase"]
[SourceDate "2008.06.24"]
[SourceVersion "1"]
[SourceVersionDate "2008.06.24"]
[SourceQuality "1"]

1. d4 f5 2. Bg5 h6 3. Bh4 g5 4. e4 Bg7 5. Bg3 fxe4 6. Nc3 d5 7. f3 Nf6 8. h4 g4 9. fxe4 0-0 10. e5 Nh5 11. Nge2 c5 12. Bh2 Nc6 13. dxc5 d4 14. Ne4 Qd5 15. N2c3 Qf7 16. Ne2 Bf5 17. N2g3 Bxe4 18. Nxe4 g3 0-1

[Event "CFriend AH-2004-0-00006 email"]
[Site "Chessfriend.com"]
[Date "2004.04.14"]
[Round "?"]
[White "Herbst, Bernd"]
[Black "Holdschik, Juergen"]
[Result "1-0"]
[WhiteElo "2169"]
[BlackElo "2258"]
[PlyCount "61"]
[EventDate "2004.??.??"]
[EventType "tourn (corr)"]
[EventRounds "13"]
[SourceTitle "Corr 2008"]
[Source "ChessBase"]
[SourceDate "2008.06.24"]
[SourceVersion "1"]
[SourceVersionDate "2008.06.24"]
[SourceQuality "1"]

1. d4 d5 2. c4 e6 3. Nc3 Nf6 4. Bg5 Be7 5. Nf3 h6 6. Bxf6 Bxf6 7. Qd2 0-0 8. e3 b6 9. cxd5 exd5 10. b4 Bb7 11. Rb1 Nd7 12. b5 Re8 13. Bd3 Be7 14. Qc2 Bd6 15. Bh7+ Kh8 16. Bf5 Nf6 17. g3 Ne4 18. Nxe4 dxe4 19. Nd2 Qe7 20. 0-0 a6 21. Nc4 g6 22. Nxd6 Qxd6 23. bxa6 Rxa6 24. Bg4 Bd5 25. Rfc1 h5 26. Bd1 Ra7 27. a4 Kg7 28. Qe2 f5 29. Qb2 h4 30. Bb3 hxg3 31. fxg3 1-0

[Event "CFriend AH-2004-0-00006 email"]
[Site "Chessfriend.com"]
[Date "2004.04.14"]
[Round "?"]
[White "Holdschik, Juergen"]
[Black "Berger, Peter"]
[Result "1-0"]
[WhiteElo "2296"]
[BlackElo "1800"]
[PlyCount "21"]
[EventDate "2004.??.??"]
[EventType "tourn (corr)"]
[EventRounds "13"]
[SourceTitle "Corr 2008"]
[Source "ChessBase"]
[SourceDate "2008.06.24"]
[SourceVersion "1"]
[SourceVersionDate "2008.06.24"]
[SourceQuality "1"]

1. e4 e6 2. d4 d5 3. Nc3 Bb4 4. exd5 exd5 5. Bd3 Nf6 6. Nf3 Qe7+ 7. Ne5 Nc6 8. 0-0 Nxd4 9. Re1 Be6 10. Bg5 0-0-0 11. Be3 1-0

[Event "CFriend AC-2003-Q-00009 email"]
[Site "Chessfriend.com"]
[Date "2003.07.01"]
[Round "?"]
[White "Holdschik, Juergen"]
[Black "Mikhalevski, Victor"]
[Result "1-0"]
[WhiteElo "2378"]
[BlackElo "2342"]
[PlyCount "91"]
[EventDate "2003.07.01"]
[EventType "tourn (corr)"]
[EventRounds "10"]
[SourceTitle "Corr 2008"]
[Source "ChessBase"]
[SourceDate "2008.06.24"]
[SourceVersion "1"]
[SourceVersionDate "2008.06.24"]
[SourceQuality "1"]

1. e4 e5 2. Bc4 Nc6 3. Nc3 Nf6 4. d3 Na5 5. Nge2 c6 6. 0-0 b5 7. Bb3 b4 8. Na4 d5 9. f4 exf4 10. e5 Ng4 11. Nxf4 Nxb3 12. axb3 Qh4 13. h3 g5 14. Qf3 gxf4 15. hxg4 Qxg4 16. Qxf4 Qxf4 17. Bxf4 Be6 18. Be3 Bg7 19. Bd4 0-0 20. Nc5 a5 21. Ra4 Rfe8 22. Rfa1 Bg4 23. Rxa5 Rxa5 24. Rxa5 h5 25. Na6 Ra8 26. Ra4 Bf8 27. Nc5 Re8 28. Ra6 f6 29. exf6 h4 30. Bf2 Re2 31. Ra8 Kf7 32. Nb7 Rxc2 33. Bxh4 Bh6 34. Nd8+ Kg6 35. f7 Bf5 36. Ra7 d4 37. Re7 Bg7 38. Re8 Bxd3 39. g4 Rxb2 40. Rg8 Rb1+ 41. Kg2 Be4+ 42. Kf2 Rb2+ 43. Kf1 Kh7 44. Ne6 Bd3+ 45. Kg1 Bh6 46. Ng5+ 1-0

[Event "CFriend AC-2003-Q-00009 email"]
[Site "Chessfriend.com"]
[Date "2003.07.01"]
[Round "1"]
[White "Holdschik, Juergen"]
[Black "Mueller, Klaus"]
[Result "1-0"]
[WhiteElo "2266"]
[BlackElo "1323"]
[PlyCount "59"]
[EventDate "2003.07.01"]
[EventType "tourn (corr)"]
[EventRounds "10"]
[SourceTitle "Corr 2024"]
[Source "ChessBase"]
[SourceDate "2023.10.19"]
[SourceVersion "1"]
[SourceVersionDate "2023.10.19"]
[SourceQuality "1"]

1. e4 c5 2. Nc3 Nc6 3. Nf3 g6 4. d4 cxd4 5. Nxd4 Bg7 6. Be3 Nf6 7. Bc4 0-0 8. Bb3 a5 9. f3 d5 10. Bxd5 Nxd5 11. exd5 Nb4 12. Nde2 Bf5 13. Rc1 b5 14. a3 Na6 15. Nxb5 Rb8 16. Nec3 Bd7 17. a4 Bxc3+ 18. Nxc3 Bf5 19. 0-0 Rxb2 20. Ne4 Rb4 21. c4 Bxe4 22. fxe4 Qc7 23. c5 Rxe4 24. Bh6 Rc8 25. Rxf7 Kxf7 26. Qf3+ Ke8 27. c6 Qb6+ 28. Kf1 Kd8 29. Qf8+ Kc7 30. Bf4+ 1-0